000 00400nam a2200133Ia 4500
008 191014s9999 xx 000 0 und d
020 _a981-02-3474-0
082 _a530.143
_bASO
100 _aManuel Asorey & Antonio Dobado
_920555
245 0 _aAdvanced School on Non Perturbative Quantum Field Physics
260 _aSingapore
_bWorld Scientific Company
_c1998
300 _aIx,222
942 _cBK
999 _c531172
_d531172